Introduction to sociology. / (Record no. 7560)

MARC details
000 -LEADER
fixed length control field 00900nam a22002057a 4500
005 - DATE AND TIME OF LATEST TRANSACTION
control field 20210429150829.0
008 - FIXED-LENGTH DATA ELEMENTS--GENERAL INFORMATION
fixed length control field 140530b xxu||||| |||| 00| 0 eng d
020 ## - INTERNATIONAL STANDARD BOOK NUMBER
International Standard Book Number 9781256577492
020 ## - INTERNATIONAL STANDARD BOOK NUMBER
International Standard Book Number 1256577499
040 ## - CATALOGING SOURCE
Transcribing agency LC
050 ## - LIBRARY OF CONGRESS CALL NUMBER
Classification number HM585.M15
245 ## - TITLE STATEMENT
Title Introduction to sociology. /
Statement of responsibility, etc. Macionis, John J. and Kathleen A. Tiemann
246 ## - VARYING FORM OF TITLE
Title proper/short title Pearson Custom Sociology SOCI 1301
260 ## - PUBLICATION, DISTRIBUTION, ETC.
Place of publication, distribution, etc. Boston:
Name of publisher, distributor, etc. Pearson,
Date of publication, distribution, etc. 2013.
300 ## - PHYSICAL DESCRIPTION
Extent 514 p.:
Other physical details ill. :
500 ## - GENERAL NOTE
General note Includes index
505 ## - FORMATTED CONTENTS NOTE
Formatted contents note Contents: Sociology: perspective, theory, and method -- Culture -- Socialization -- Social interaction in everyday life -- Groups and organizations -- Sexuality and society -- Deviance -- Social stratification -- Global stratification -- Gender stratification -- Race and ethnicity -- Economics and politics -- Family and religion --
710 ## - ADDED ENTRY--CORPORATE NAME
Subordinate unit West Texas A&M University
942 ## - ADDED ENTRY ELEMENTS (KOHA)
Source of classification or shelving scheme Library of Congress Classification
Koha item type Books
Holdings
Withdrawn status Lost status Source of classification or shelving scheme Damaged status Not for loan Home library Current library Shelving location Date acquired Total Checkouts Full call number Barcode Date last seen Price effective from Koha item type
    Dewey Decimal Classification     WISCONSIN INTERNATIONAL UNIVERSITY COLLEGE, GHANA KUMASI LIBRARY WISCONSIN INTERNATIONAL UNIVERSITY COLLEGE, GHANA KUMASI LIBRARY nursing 02/12/2020   HM585.M15 KSN/995/002/20 29/04/2021 29/04/2021 Books

If you have any concerns or questions; kindly contact the library


© Powered by WIUC ICT DIRECTORATE